[Event "Jugend WM U20w"]
[Site "Istanbul"]
[Date "2005.11.10"]
[Round "1.5"]
[White "Pogonina, Natalija"]
[Black "Gregorova, Zuzana"]
[Result "1/2-1/2"]
[WhiteElo "2401"]
[BlackElo "2183"]
[PlyCount "135"]
[EventDate "2005.11.??"]
[EventType "swiss"]
[EventRounds "13"]
[EventCountry "TUR"]
[Source "Reinhold Goldau"]
[SourceDate "2000.03.01"]

1. e4 d5 2. exd5 Nf6 3. d4 Nxd5 4. c4 Nb6 5. Nf3 g6 6. Nc3 Bg7 7. c5 Nd5 8. Bc4
c6 9. O-O O-O 10. Re1 Bg4 11. Bg5 Nf6 12. h3 Bxf3 13. Qxf3 Qxd4 14. Rxe7 Nbd7
15. Bb3 Qxc5 16. Bxf6 Nxf6 17. Rxb7 Rad8 18. Na4 Qa5 19. Qxc6 Rd2 20. Rf1 Qe5
21. Qc7 Qxc7 22. Rxc7 Nd5 23. Nc3 Nxc3 24. bxc3 a5 25. Rd1 Rxd1+ 26. Bxd1 Be5
27. Rc5 Re8 28. Kf1 Re7 29. Bf3 Kg7 30. g3 Kf6 31. Rc6+ Kg7 32. Rc5 Kf6 33. a4
Rc7 34. Bc6 Ke6 35. Bd5+ Ke7 36. Rxa5 Rxc3 37. Rb5 Rc7 38. Bb3 Rd7 39. g4 Kf6
40. a5 Ra7 41. Rb6+ Kg5 42. a6 f5 43. gxf5 Kxf5 44. Bc4 Bd4 45. Rd6 Be5 46.
Bd3+ Kg5 47. Re6 Bb8 48. Rb6 Bc7 49. Rc6 Be5 50. Re6 Bb8 51. Ke2 Rd7 52. Be4
Ba7 53. Re8 Kf6 54. f3 Rd6 55. Rh8 Rxa6 56. Rxh7 Ra5 57. h4 Ra6 58. Kf1 Bd4 59.
Kg2 Ra7 60. Rh6 Rg7 61. f4 Kf7 62. Kf3 Bc5 63. Bd5+ Ke7 64. Kg4 Bd4 65. Rh8 Bf6
66. Rb8 Bd4 67. Be4 Kf6 68. Bd5 1/2-1/2

[Event "Jugend WM U20w"]
[Site "Istanbul"]
[Date "2005.11.10"]
[Round "1.6"]
[White "Bashkite, Viktoria"]
[Black "Harika, Dronavalli"]
[Result "1/2-1/2"]
[WhiteElo "2173"]
[BlackElo "2392"]
[PlyCount "41"]
[EventDate "2005.11.??"]
[EventType "swiss"]
[EventRounds "13"]
[EventCountry "TUR"]
[Source "Reinhold Goldau"]
[SourceDate "2000.03.01"]

1. e4 c5 2. Nf3 g6 3. d4 cxd4 4. Nxd4 Nc6 5. c4 Nf6 6. Nc3 d6 7. Be2 Nxd4 8.
Qxd4 Bg7 9. O-O O-O 10. Bg5 Be6 11. Qe3 Qa5 12. Rac1 Rfc8 13. b3 a6 14. a4 Qc5
15. Nd5 Qxe3 16. Bxe3 Bxd5 17. exd5 Nd7 18. a5 Rab8 19. Ba7 Ra8 20. Be3 Rab8
21. Ba7 1/2-1/2

[Event "Jugend WM U20w"]
[Site "Istanbul"]
[Date "2005.11.10"]
[Round "1.7"]
[White "Zdebskaja, Natalia"]
[Black "Zhang, Xiaowen"]
[Result "1-0"]
[WhiteElo "2390"]
[BlackElo "2153"]
[PlyCount "87"]
[EventDate "2005.11.??"]
[EventType "swiss"]
[EventRounds "13"]
[EventCountry "TUR"]
[Source "Reinhold Goldau"]
[SourceDate "2000.03.01"]

1. e4 e6 2. d4 d5 3. Nc3 Bb4 4. e5 c5 5. a3 Bxc3+ 6. bxc3 Ne7 7. Nf3 Bd7 8.
dxc5 Qc7 9. Bd3 Nbc6 10. Bf4 Ng6 11. Bg3 Qa5 12. Qd2 Qxc5 13. O-O Rc8 14. h4 h6
15. Rab1 Na5 16. h5 Ne7 17. Qf4 b6 18. Qg4 O-O 19. Bh4 Kh8 20. Bf6 gxf6 21.
exf6 Rg8 22. Qf4 Nf5 23. Bxf5 Qf8 24. Bd3 Rxc3 25. a4 Nb7 26. Rb3 Rc8 27. Ba6
Rb8 28. Bxb7 Rxb7 29. Rc3 Kh7 30. Re1 Qb8 31. Re5 Rc7 32. Rxc7 Qxc7 33. Qd2 Qc5
34. Nd4 Bxa4 35. c3 a5 36. f4 Bb5 37. Qf2 Bd7 38. f5 exf5 39. Re7 Be8 40. Qxf5+
Kh8 41. Qf4 Kh7 42. Qd2 Rg5 43. Qd3+ Kh8 44. Qe3 1-0

[Event "Jugend WM U20w"]
[Site "Istanbul"]
[Date "2005.11.10"]
[Round "1.8"]
[White "Gilbert, Jessie"]
[Black "Vasilevich, Irina"]
[Result "0-1"]
[WhiteElo "2148"]
[BlackElo "2389"]
[PlyCount "102"]
[EventDate "2005.11.??"]
[EventType "swiss"]
[EventRounds "13"]
[EventCountry "TUR"]
[Source "Reinhold Goldau"]
[SourceDate "2000.03.01"]

1. d4 Nf6 2. c4 e6 3. Nf3 d5 4. Bg5 Be7 5. Nc3 h6 6. Bh4 O-O 7. e3 b6 8. cxd5
Nxd5 9. Bxe7 Qxe7 10. Be2 Bb7 11. O-O Nxc3 12. bxc3 Nd7 13. c4 Rfd8 14. Qb3 c5
15. Rfd1 Rac8 16. a4 cxd4 17. exd4 a5 18. Rac1 Bc6 19. Ne1 e5 20. Bf3 exd4 21.
Bxc6 Rxc6 22. Rxd4 Nc5 23. Rxd8+ Qxd8 24. Qb5 Rg6 25. Rb1 Qe7 26. Nc2 Qe4 27.
Ne3 Nxa4 28. Re1 Nc5 29. Rd1 Kh7 30. Qb1 Qxb1 31. Rxb1 Rc6 32. g3 Nd3 33. Kg2
g5 34. Rb3 Nb4 35. Kf3 Rf6+ 36. Ke2 Kg7 37. Ng2 Nc6 38. Rb2 Nd4+ 39. Ke3 Nf3
40. h3 Ne5 41. Kd4 Nc6+ 42. Kc3 Nb4 43. Ne3 Rc6 44. Nf5+ Kh7 45. Nd4 Rd6 46. f4
gxf4 47. gxf4 Na6 48. Re2 Nc5 49. f5 Kg7 50. Re3 Na4+ 51. Kd3 Nb2+ 0-1

[Event "Jugend WM U20w"]
[Site "Istanbul"]
[Date "2005.11.10"]
[Round "1.9"]
[White "Zawadzka, Jolanta"]
[Black "Hoolt, Sarah"]
[Result "1/2-1/2"]
[WhiteElo "2381"]
[BlackElo "2144"]
[PlyCount "74"]
[EventDate "2005.11.??"]
[EventType "swiss"]
[EventRounds "13"]
[EventCountry "TUR"]
[Source "Reinhold Goldau"]
[SourceDate "2000.03.01"]

1. e4 e6 2. d4 d5 3. Nc3 Bb4 4. e5 c5 5. a3 Ba5 6. b4 cxd4 7. Nb5 Bc7 8. f4 Bd7
9. Nf3 a6 10. Nxc7+ Qxc7 11. a4 Ne7 12. Bd3 Nf5 13. O-O Nc6 14. Qe1 Qb6 15. Rb1
Rc8 16. Bd2 Nce7 17. a5 Qa7 18. Qf2 Bb5 19. Bxb5+ axb5 20. c3 h5 21. Rfc1 Rc4
22. Nxd4 Nxd4 23. Be3 Nef5 24. Bxd4 Nxd4 25. cxd4 O-O 26. Rxc4 bxc4 27. Qd2 b6
28. Qc3 Ra8 29. Ra1 Qa6 30. Kf2 Qb5 31. Ke3 Ra6 32. g3 bxa5 33. Rxa5 Rxa5 34.
bxa5 Qa4 35. Kd2 Qa2+ 36. Kc1 g6 37. h4 Kg7 1/2-1/2

[Event "Jugend WM U20w"]
[Site "Istanbul"]
[Date "2005.11.10"]
[Round "1.10"]
[White "Djukic, Sandra"]
[Black "Tania, Sachdev"]
[Result "0-1"]
[WhiteElo "2140"]
[BlackElo "2379"]
[PlyCount "108"]
[EventDate "2005.11.??"]
[EventType "swiss"]
[EventRounds "13"]
[EventCountry "TUR"]
[Source "Reinhold Goldau"]
[SourceDate "2000.03.01"]

1. d4 Nf6 2. c4 e6 3. Nc3 Bb4 4. Bg5 c5 5. d5 h6 6. Bh4 Bxc3+ 7. bxc3 d6 8. f3
e5 9. e4 Nbd7 10. Qd2 Nf8 11. Bf2 Ng6 12. g3 Bd7 13. Bd3 Qe7 14. Be3 O-O-O 15.
Ne2 Bh3 16. Ng1 Bd7 17. Ne2 Nh5 18. O-O-O Nf6 19. Kb1 Ba4 20. Bc2 Qe8 21. Ka1
Bxc2 22. Qxc2 Nd7 23. Qb3 Nb6 24. Kb2 Rf8 25. g4 Nh4 26. Rhf1 g5 27. Ng3 Kb8
28. Kc2 Nc8 29. Kd3 Ne7 30. Rf2 Neg6 31. Rdd2 Nf4+ 32. Kc2 Rh8 33. Kb1 f6 34.
Qc2 Nhg6 35. Nf5 h5 36. Ng7 Qd7 37. Bxf4 Qxg7 38. Be3 hxg4 39. fxg4 Rh3 40.
Rde2 Nf4 41. Re1 Rdh8 42. Kb2 R8h4 43. Bxf4 gxf4 44. Rg1 Rxg4 45. Rxg4 Qxg4 46.
Rg2 Qc8 47. Rg6 Qh8 48. Rg2 Qh7 49. Kb3 Re3 50. Re2 Rxe2 51. Qxe2 f5 52. exf5
Qxf5 53. h4 f3 54. Qf2 Qg4 0-1

[Event "Jugend WM U20w"]
[Site "Istanbul"]
[Date "2005.11.10"]
[Round "1.11"]
[White "Guseva, Marina"]
[Black "Gutierrez Castillo, Paloma"]
[Result "1-0"]
[WhiteElo "2363"]
[BlackElo "2127"]
[PlyCount "59"]
[EventDate "2005.11.??"]
[EventType "swiss"]
[EventRounds "13"]
[EventCountry "TUR"]
[Source "Reinhold Goldau"]
[SourceDate "2000.03.01"]

1. e4 e5 2. Nf3 Nc6 3. Bb5 Nf6 4. O-O Nxe4 5. d4 Nd6 6. Bxc6 dxc6 7. dxe5 Ne4
8. Qe2 Bf5 9. Rd1 Qc8 10. Rd4 Nc5 11. Be3 Ne6 12. Rd2 Be7 13. Nc3 O-O 14. Rad1
Rd8 15. Rxd8+ Bxd8 16. h3 Be7 17. Nh2 h6 18. f4 Bh7 19. Qf2 Bb4 20. f5 Ng5 21.
Bxg5 hxg5 22. g4 Qf8 23. Ne4 Qe7 24. Nf3 f6 25. a3 Ba5 26. c4 c5 27. Kg2 Bb6
28. h4 fxe5 29. hxg5 g6 30. Nf6+ 1-0

[Event "Jugend WM U20w"]
[Site "Istanbul"]
[Date "2005.11.10"]
[Round "1.12"]
[White "Bulmaga, Irina"]
[Black "Khukhashvili, Sopiko"]
[Result "1/2-1/2"]
[WhiteElo "2122"]
[BlackElo "2362"]
[PlyCount "103"]
[EventDate "2005.11.??"]
[EventType "swiss"]
[EventRounds "13"]
[EventCountry "TUR"]
[Source "Reinhold Goldau"]
[SourceDate "2000.03.01"]

1. e4 c5 2. Nf3 a6 3. c3 d6 4. d4 Nf6 5. dxc5 Nc6 6. Bc4 e6 7. Bg5 dxc5 8.
Qxd8+ Nxd8 9. e5 Nd7 10. Bxd8 Kxd8 11. a4 b6 12. O-O Bb7 13. Nbd2 Be7 14. Rfe1
g5 15. h3 h5 16. g4 Kc7 17. Bd3 Rag8 18. Be4 Bc8 19. Nc4 hxg4 20. hxg4 f6 21.
Rad1 fxe5 22. Ncxe5 Nxe5 23. Nxe5 Rh4 24. Bg2 Bd6 25. f3 b5 26. axb5 axb5 27.
Ra1 c4 28. Ra7+ Bb7 29. Ra5 Rh7 30. Rxb5 Ba6 31. Ra5 Kb6 32. Ra4 Rc7 33. Bf1
Rh7 34. Nxc4+ Bxc4 35. Rxc4 e5 36. b4 Ra8 37. Rd1 Rh6 38. Rd5 e4 39. Rxe4 Ra2
40. Re2 Ra3 41. Rc2 Bf4 42. Rd3 Rb3 43. Ra2 Re6 44. Rd7 Kc6 45. Rf7 Be3+ 46.
Kg2 Rxc3 47. b5+ Kd5 48. Rf5+ Re5 49. Rxe5+ Kxe5 50. Rb2 Bb6 51. Re2+ Kd5 52.
Rd2+ 1/2-1/2

[Event "Jugend WM U20w"]
[Site "Istanbul"]
[Date "2005.11.10"]
[Round "1.13"]
[White "Kadziolka, Beata"]
[Black "Topel, Zehra"]
[Result "1-0"]
[WhiteElo "2352"]
[BlackElo "2105"]
[PlyCount "69"]
[EventDate "2005.11.??"]
[EventType "swiss"]
[EventRounds "13"]
[EventCountry "TUR"]
[Source "Reinhold Goldau"]
[SourceDate "2000.03.01"]

1. d4 g6 2. c4 Bg7 3. e4 d6 4. Nc3 Nf6 5. Nf3 O-O 6. h3 e5 7. d5 Nbd7 8. Bg5 h6
9. Be3 Nc5 10. Nd2 a5 11. Be2 Nfd7 12. g4 f6 13. h4 Rf7 14. Nf1 Nf8 15. Ng3 Bd7
16. h5 g5 17. O-O Be8 18. b3 Rb8 19. a3 c6 20. Nf5 cxd5 21. cxd5 Rc7 22. b4 Na6
23. Bb6 axb4 24. axb4 Nxb4 25. Bxc7 Qxc7 26. Qb3 Na6 27. Bxa6 bxa6 28. Qa3 Nd7
29. Ne7+ Kf7 30. Nc6 Rb6 31. Na4 Rb5 32. Rfc1 Nc5 33. Nxc5 dxc5 34. Qxa6 Bxc6
35. Qxc6 1-0

[Event "Jugend WM U20w"]
[Site "Istanbul"]
[Date "2005.11.10"]
[Round "1.14"]
[White "Raghavi, N."]
[Black "Karavade, Eesha"]
[Result "0-1"]
[WhiteElo "2104"]
[BlackElo "2348"]
[PlyCount "68"]
[EventDate "2005.11.??"]
[EventType "swiss"]
[EventRounds "13"]
[EventCountry "TUR"]
[Source "Reinhold Goldau"]
[SourceDate "2000.03.01"]

1. e4 c5 2. Nf3 d6 3. Bb5+ Nd7 4. d4 Ngf6 5. Nc3 a6 6. Bxd7+ Nxd7 7. Bg5 h6 8.
Bh4 g5 9. Bg3 Bg7 10. dxc5 Nxc5 11. Qd2 O-O 12. Nd4 Bd7 13. O-O Qb6 14. Rad1
Qxb2 15. f3 Ne6 16. Bf2 Bc6 17. Rb1 Qa3 18. Rb3 Qa5 19. Nf5 Rfe8 20. h4 Nc5 21.
Bxc5 Qxc5+ 22. Kh1 e6 23. Qxd6 Qxd6 24. Nxd6 Red8 25. Nc4 b5 26. Ne3 gxh4 27.
Rd1 b4 28. Ne2 Rxd1+ 29. Nxd1 Rd8 30. Ne3 Rd2 31. Nf4 Bc3 32. Nd3 a5 33. Nc4
Rd1+ 34. Kh2 a4 0-1

[Event "Jugend WM U20w"]
[Site "Istanbul"]
[Date "2005.11.10"]
[Round "1.15"]
[White "Purtseladze, Maka"]
[Black "Umudova, Nargiz"]
[Result "1/2-1/2"]
[WhiteElo "2338"]
[BlackElo "2101"]
[PlyCount "101"]
[EventDate "2005.11.??"]
[EventType "swiss"]
[EventRounds "13"]
[EventCountry "TUR"]
[Source "Reinhold Goldau"]
[SourceDate "2000.03.01"]

1. d4 Nf6 2. c4 g6 3. Nc3 Bg7 4. e4 d6 5. f3 O-O 6. Be3 e5 7. d5 c6 8. Qd2 cxd5
9. cxd5 Nh5 10. Bd3 f5 11. Nge2 Nd7 12. b4 f4 13. Bf2 Bf6 14. Nc1 Bh4 15. Nb3
Bxf2+ 16. Qxf2 Ndf6 17. Rc1 Rf7 18. Na5 g5 19. Nb5 a6 20. Na3 g4 21. N3c4 Qf8
22. Nb6 Rb8 23. Kd2 g3 24. Qg1 gxh2 25. Rxh2 Ng3 26. Nxc8 Rxc8 27. Rxc8 Qxc8
28. Nc4 Qc7 29. Qb6 Qxb6 30. Nxb6 h5 31. a4 Kf8 32. Kc3 Rc7+ 33. Kb2 Ke7 34. a5
Nd7 35. Nc4 Rc8 36. Nd2 Nf6 37. Nf1 Nxf1 38. Bxf1 Rg8 39. Kc3 Kd7 40. Bd3 Kc7
41. Kd2 Kb8 42. Ke2 Ka7 43. Kf2 Rc8 44. Rh1 Rc3 45. Ke2 Rb3 46. Rb1 Rxb1 47.
Bxb1 b6 48. Kf2 h4 49. Kg1 Nh7 50. Bd3 Ng5 51. Kh2 1/2-1/2

[Event "Jugend WM U20w"]
[Site "Istanbul"]
[Date "2005.11.10"]
[Round "1.16"]
[White "Gevorgyan, Irina"]
[Black "Zhang, Jilin"]
[Result "1/2-1/2"]
[WhiteElo "2099"]
[BlackElo "2334"]
[PlyCount "83"]
[EventDate "2005.11.??"]
[EventType "swiss"]
[EventRounds "13"]
[EventCountry "TUR"]
[Source "Reinhold Goldau"]
[SourceDate "2000.03.01"]

1. e4 c5 2. Nf3 d6 3. d4 cxd4 4. Nxd4 Nf6 5. Nc3 a6 6. f4 Qc7 7. Bd3 Nc6 8. Nf3
e5 9. O-O Be7 10. Kh1 O-O 11. Qe1 Nb4 12. Bd2 Bd7 13. fxe5 dxe5 14. Qg3 Bd6 15.
a3 Nxd3 16. cxd3 Be6 17. Rac1 Qd7 18. Ng5 Ne8 19. Nxe6 Qxe6 20. Nd5 f5 21. Qh3
Nf6 22. Ne3 Qb3 23. Nxf5 Qxb2 24. Nxd6 Qxd2 25. Qe6+ Kh8 26. Nf7+ Rxf7 27. Qxf7
Qxd3 28. Qxb7 Rg8 29. Rf3 Qe2 30. Rcf1 h5 31. h3 Nxe4 32. Rc1 Nd2 33. Rfc3 Ne4
34. Rc8 Ng3+ 35. Kh2 Nf1+ 36. Kg1 Ng3 37. Rxg8+ Kxg8 38. Qc8+ Kh7 39. Qc2+ e4
40. Kh2 Nf1+ 41. Kh1 Ng3+ 42. Kh2 1/2-1/2

[Event "Jugend WM U20w"]
[Site "Istanbul"]
[Date "2005.11.10"]
[Round "1.17"]
[White "Gu, Xiaobing"]
[Black "Bensdorp, Laura"]
[Result "1-0"]
[WhiteElo "2330"]
[BlackElo "2090"]
[PlyCount "129"]
[EventDate "2005.11.??"]
[EventType "swiss"]
[EventRounds "13"]
[EventCountry "TUR"]
[Source "Reinhold Goldau"]
[SourceDate "2000.03.01"]

1. c4 e5 2. Nc3 Bb4 3. g3 Bxc3 4. dxc3 Nc6 5. Bg2 Nge7 6. e4 O-O 7. Ne2 d6 8.
O-O Be6 9. Qd3 Qd7 10. Rd1 Rad8 11. b3 Qc8 12. Be3 b6 13. f4 f5 14. Kh1 Kh8 15.
exf5 Bxf5 16. Qd2 Bh3 17. Rf1 Bxg2+ 18. Kxg2 Nf5 19. Rae1 Rde8 20. Bf2 Rf6 21.
Ng1 exf4 22. Nf3 Ref8 23. gxf4 Rg6+ 24. Kh1 Nce7 25. Qe2 Qa8 26. Qe4 Qxe4 27.
Rxe4 Nc6 28. Rfe1 h6 29. Nd4 Ncxd4 30. cxd4 Kg8 31. d5 Kf7 32. b4 a6 33. a4 Ra8
34. h3 Kf8 35. Kh2 Kf7 36. Ra1 Rb8 37. Be1 Kf8 38. Bf2 Kf7 39. Re2 Ne7 40. Rb2
Kf8 41. Re1 Kf7 42. Ree2 Kf8 43. Bd4 Nf5 44. Bf2 Ne7 45. Rbc2 Kf7 46. Red2 Rd8
47. a5 bxa5 48. bxa5 c6 49. dxc6 Nxc6 50. Bh4 Rc8 51. f5 Rf6 52. Bxf6 Kxf6 53.
Rxd6+ Ke7 54. Re6+ Kf7 55. Rd2 Rc7 56. c5 Nxa5 57. c6 Rxc6 58. Rd7+ Kf8 59.
Ree7 Rf6 60. Rxg7 Rxf5 61. Rh7 Kg8 62. Rdg7+ Kf8 63. Ra7 Kg8 64. Rxh6 Nc4 65.
Rg6+ 1-0

[Event "Jugend WM U20w"]
[Site "Istanbul"]
[Date "2005.11.10"]
[Round "1.18"]
[White "Plazaola, Maria De Los Angele"]
[Black "Melia, Salome"]
[Result "0-1"]
[WhiteElo "2087"]
[BlackElo "2318"]
[PlyCount "48"]
[EventDate "2005.11.??"]
[EventType "swiss"]
[EventRounds "13"]
[EventCountry "TUR"]
[Source "Reinhold Goldau"]
[SourceDate "2000.03.01"]

1. e4 c6 2. c4 d5 3. cxd5 cxd5 4. exd5 Nf6 5. Bb5+ Nbd7 6. Nc3 a6 7. Qa4 g6 8.
d3 Bg7 9. d6 O-O 10. Bxd7 Bxd7 11. Qb4 exd6 12. Qxb7 Re8+ 13. Nge2 Bg4 14. f3
Bf5 15. Ne4 d5 16. Nf2 Rb8 17. Qxa6 Re6 18. Qa4 Qe7 19. O-O Rxe2 20. a3 Nd7 21.
g4 Nc5 22. Qd1 Rxf2 23. Kh1 Re8 24. Bd2 Qh4 0-1

[Event "Jugend WM U20w"]
[Site "Istanbul"]
[Date "2005.11.10"]
[Round "1.19"]
[White "Motoc, Alina"]
[Black "Xu, Ruoyin"]
[Result "1-0"]
[WhiteElo "2313"]
[BlackElo "2079"]
[PlyCount "59"]
[EventDate "2005.11.??"]
[EventType "swiss"]
[EventRounds "13"]
[EventCountry "TUR"]
[Source "Reinhold Goldau"]
[SourceDate "2000.03.01"]

1. d4 d5 2. c4 c6 3. Nf3 Nf6 4. e3 Bf5 5. Nc3 e6 6. Nh4 Bg6 7. Nxg6 hxg6 8. Qe2
Be7 9. g3 Nbd7 10. Bg2 O-O 11. O-O dxc4 12. Qxc4 e5 13. Rd1 Nb6 14. Qb3 exd4
15. exd4 Qd7 16. d5 cxd5 17. Be3 Qc6 18. Rac1 Qc4 19. Nxd5 Qxb3 20. Nxe7+ Kh7
21. axb3 Rad8 22. Bxb6 axb6 23. Bxb7 Rxd1+ 24. Rxd1 Re8 25. Nd5 Ng4 26. h3 Ne5
27. Kg2 Rb8 28. Ba6 b5 29. Nb4 Rb6 30. Rd5 1-0

[Event "Jugend WM U20w"]
[Site "Istanbul"]
[Date "2005.11.10"]
[Round "1.20"]
[White "Alimova, Maral"]
[Black "Sharevich, Anna"]
[Result "0-1"]
[WhiteElo "2053"]
[BlackElo "2305"]
[PlyCount "60"]
[EventDate "2005.11.??"]
[EventType "swiss"]
[EventRounds "13"]
[EventCountry "TUR"]
[Source "Reinhold Goldau"]
[SourceDate "2000.03.01"]

1. d4 d5 2. c4 e6 3. Nf3 Nf6 4. Nc3 Be7 5. Bg5 h6 6. Bh4 O-O 7. e3 b6 8. cxd5
Nxd5 9. Bxe7 Qxe7 10. Nxd5 exd5 11. Rc1 Be6 12. Qa4 c5 13. Qa3 Rc8 14. Be2 Qb7
15. dxc5 bxc5 16. O-O Qb6 17. Rfd1 Nd7 18. b3 a5 19. Rc3 Nf6 20. Qc1 Ne4 21.
Rc2 a4 22. bxa4 Rxa4 23. Ne5 c4 24. Bf3 Nf6 25. Qa1 Bf5 26. Rcc1 Qe6 27. Qd4
Re8 28. g4 Be4 29. Bxe4 dxe4 30. f4 Rc8 0-1

[Event "Jugend WM U20w"]
[Site "Istanbul"]
[Date "2005.11.10"]
[Round "1.21"]
[White "Khotenashvili, Bela"]
[Black "Ursic, Simona"]
[Result "1-0"]
[WhiteElo "2288"]
[BlackElo "2040"]
[PlyCount "55"]
[EventDate "2005.11.??"]
[EventType "swiss"]
[EventRounds "13"]
[EventCountry "TUR"]
[Source "Reinhold Goldau"]
[SourceDate "2000.03.01"]

1. Nf3 Nf6 2. g3 d6 3. Bg2 e5 4. d3 Nbd7 5. c4 c6 6. Nc3 Be7 7. O-O O-O 8. Nh4
Nc5 9. b4 Ne6 10. Nf5 Re8 11. Nxe7+ Qxe7 12. Ba3 Qd7 13. b5 d5 14. bxc6 bxc6
15. Qa4 Rd8 16. Rab1 h6 17. Rb2 Qc7 18. Rfb1 a5 19. Rb6 Ra6 20. R1b2 Ra7 21.
cxd5 cxd5 22. Nb5 Qd7 23. Qc2 Rb7 24. Nc3 Rxb6 25. Rxb6 Nc5 26. Rb2 Ng4 27. Qa4
Re8 28. Qc2 1-0

[Event "Jugend WM U20w"]
[Site "Istanbul"]
[Date "2005.11.10"]
[Round "1.22"]
[White "Chaumont, Adeline"]
[Black "Liu, Pei"]
[Result "0-1"]
[WhiteElo "2035"]
[BlackElo "2283"]
[PlyCount "76"]
[EventDate "2005.11.??"]
[EventType "swiss"]
[EventRounds "13"]
[EventCountry "TUR"]
[Source "Reinhold Goldau"]
[SourceDate "2000.03.01"]

1. d4 d5 2. c4 c6 3. Nf3 Nf6 4. e3 e6 5. Nbd2 Nbd7 6. Bd3 Bd6 7. O-O O-O 8. e4
dxe4 9. Nxe4 Nxe4 10. Bxe4 f5 11. Bc2 c5 12. Re1 Nf6 13. b3 cxd4 14. Qxd4 Bb4
15. Qxd8 Rxd8 16. Re2 Bc3 17. Rb1 a5 18. a3 Ra6 19. Bf4 Nh5 20. Bc7 Rd7 21. Bb8
Nf6 22. Ng5 Rd2 23. Rxd2 Bxd2 24. Nf3 Bc3 25. Rd1 Bd7 26. Be5 Bxe5 27. Nxe5 Be8
28. c5 Kf8 29. Bd3 Ra8 30. Bc4 Bf7 31. Rd6 Re8 32. f3 g5 33. Rb6 Re7 34. Rb5 g4
35. Rxa5 gxf3 36. gxf3 Nd7 37. Ra8+ Kg7 38. Nxd7 Rxd7 0-1

[Event "Jugend WM U20w"]
[Site "Istanbul"]
[Date "2005.11.10"]
[Round "1.24"]
[White "Dudas, Eszter"]
[Black "Szczepkowska, Karina"]
[Result "0-1"]
[WhiteElo "2010"]
[BlackElo "2278"]
[PlyCount "66"]
[EventDate "2005.11.??"]
[EventType "swiss"]
[EventRounds "13"]
[EventCountry "TUR"]
[Source "Reinhold Goldau"]
[SourceDate "2000.03.01"]

1. e4 e5 2. Nf3 Nc6 3. Bb5 a6 4. Ba4 Nf6 5. O-O Be7 6. Re1 b5 7. Bb3 O-O 8. a4
Bb7 9. d3 h6 10. Nbd2 Re8 11. c3 Bf8 12. Nf1 d5 13. exd5 Nxd5 14. Ng3 Kh8 15.
d4 bxa4 16. Ba2 e4 17. Nxe4 a3 18. bxa3 f5 19. Bxd5 Qxd5 20. Ng3 Na5 21. h4 Nc4
22. Ne2 Qf7 23. Nd2 Bd6 24. Nxc4 Qxc4 25. Bd2 Re4 26. h5 Qd5 27. f3 Rh4 28. Qc1
Rg4 29. Rf1 Re8 30. Rf2 Rh4 31. c4 Qf7 32. g3 Rh3 33. Bf4 Qxh5 0-1

[Event "Jugend WM U20w"]
[Site "Istanbul"]
[Date "2005.11.10"]
[Round "1.25"]
[White "Pourkashiyan, Atousa"]
[Black "Levacic, Melissa"]
[Result "1-0"]
[WhiteElo "2271"]
[BlackElo "1993"]
[PlyCount "44"]
[EventDate "2005.11.??"]
[EventType "swiss"]
[EventRounds "13"]
[EventCountry "TUR"]
[Source "Reinhold Goldau"]
[SourceDate "2000.03.01"]

1. e4 e5 2. Nf3 Nc6 3. Bc4 Nf6 4. d3 Bc5 5. c3 d6 {Nd2} 6. O-O O-O {Bb6} 7. Bb3
Be6 8. h3 Bxb3 9. axb3 d5 10. b4 a6 11. Re1 Re8 12. Qb3 dxe4 13. dxe4 Qd3 {Nc4}
14. Nd4 {cxd4} exd4 15. Bg5 Rxe4 16. Rd1 Qe2 {Nxb6 cxb6} 17. Bxf6 gxf6 18. cxd4
Qb5 {Rac1 Rae8 Rc7 Ree7} 19. Qg3+ {Qg5 Rxe7 Rxe7 Qb8 Kg7 Kh2 Qf5 Qg3} Kf8 20.
d5 {Rd7 d6 Qe5 f4 Qe6} Qd3 {Kg8 Qd4 f5} 21. Rxd3 {f6 Qxb6 Qe4} Rd4 22. Qe3 {
Qc5 Qe6} Rxd3 {Kf7 Qc8 Rxd6 Qc7} 1-0

[Event "Jugend WM U20w"]
[Site "Istanbul"]
[Date "2005.11.10"]
[Round "1.26"]
[White "Pavlogianni, Despina"]
[Black "Andriasian, Siranush"]
[Result "0-1"]
[WhiteElo "1989"]
[BlackElo "2263"]
[PlyCount "48"]
[EventDate "2005.11.??"]
[EventType "swiss"]
[EventRounds "13"]
[EventCountry "TUR"]
[Source "Reinhold Goldau"]
[SourceDate "2000.03.01"]

1. e4 c5 2. Nc3 e6 3. f4 d5 4. Nf3 dxe4 5. Nxe4 Nc6 6. Bb5 Bd7 7. Qe2 Nh6 8.
Ne5 Nxe5 9. fxe5 Nf5 10. O-O Be7 11. Bxd7+ Qxd7 12. Qf2 O-O 13. d3 c4 14. g4
Bh4 15. Qf4 Nd4 16. Kg2 f5 17. exf6 Bxf6 18. Qd2 Be5 19. c3 Nb5 20. Rxf8+ Rxf8
21. dxc4 Qc6 22. cxb5 Qxe4+ 23. Kg1 Qxg4+ 24. Qg2 Qd1+ 0-1

[Event "Jugend WM U20w"]
[Site "Istanbul"]
[Date "2005.11.10"]
[Round "1.28"]
[White "Mezioud, Amina"]
[Black "Muhren, Bianca"]
[Result "0-1"]
[WhiteElo "1978"]
[BlackElo "2260"]
[PlyCount "57"]
[EventDate "2005.11.??"]
[EventType "swiss"]
[EventRounds "13"]
[EventCountry "TUR"]
[Source "Reinhold Goldau"]
[SourceDate "2000.03.01"]

1. e4 c5 2. Nf3 d6 3. d4 cxd4 4. Nxd4 Nf6 5. Nc3 a6 6. a4 e6 7. Be3 Be7 8. Be2
O-O 9. O-O Nc6 10. f4 Qc7 11. Qe1 Nxd4 12. Bxd4 e5 13. Be3 exf4 14. Rxf4 Be6
15. Bd4 Nd7 16. Qg3 Ne5 17. Rff1 Rfe8 18. Rad1 Rac8 19. Bd3 Bf8 20. Rd2 g6 21.
Nd5 Bxd5 22. exd5 Bg7 23. Qf4 Re7 24. c3 Rce8 25. Bxe5 Rxe5 {c6 Rh5} 26. g3 Bh6
27. Qf2 Be3 {Qg2 Bxf2 Rxf2 R5e5 B4} 28. Re1 {Rc2 R8e3 Bf1} Qe7 {c5 Qe4+ Qh3}
29. Rf1 0-1

[Event "Jugend WM U20w"]
[Site "Istanbul"]
[Date "2005.11.10"]
[Round "1.32"]
[White "Frank Nielsen, Marie"]
[Black "Nadig, Kruttika"]
[Result "0-1"]
[WhiteElo "1919"]
[BlackElo "2224"]
[PlyCount "45"]
[EventDate "2005.11.??"]
[EventType "swiss"]
[EventRounds "13"]
[EventCountry "TUR"]
[Source "Reinhold Goldau"]
[SourceDate "2000.03.01"]

1. e4 e5 2. Nf3 Nc6 3. d4 exd4 4. Bc4 Nf6 5. O-O Nxe4 6. Re1 d5 7. Bxd5 Qxd5 8.
Nc3 Qh5 9. Nxe4 Be6 10. Bg5 Bd6 11. Bf6 Bxh2+ 12. Nxh2 Qxd1 13. Raxd1 gxf6 14.
Nxf6+ Kf8 15. a3 h5 16. Nf3 Kg7 17. Ne4 Rad8 18. b4 a6 19. Nc5 Bc8 20. Rd2 Rh6
21. Red1 b6 22. Nb3 Bg4 {Nxd4 Rdd6} 23. Re1 {
Nxd4 Nxd4 c5 bxc5 bxc5 Nb3 Rxd2 Nxd2} 0-1

[Event "Jugend WM U20w"]
[Site "Istanbul"]
[Date "2005.11.10"]
[Round "2.1"]
[White "Liu, Pei"]
[Black "Dzagnidze, Nana"]
[Result "1-0"]
[WhiteElo "2283"]
[BlackElo "2443"]
[PlyCount "77"]
[EventDate "2005.11.??"]
[EventType "swiss"]
[EventRounds "13"]
[EventCountry "TUR"]
[Source "Reinhold Goldau"]
[SourceDate "2000.03.01"]

1. d4 Nf6 2. Nf3 e6 3. Bg5 h6 4. Bh4 c5 5. e3 b6 6. Bd3 Be7 7. O-O O-O 8. Nbd2
d5 9. c3 Nbd7 10. Ne5 Nxe5 11. dxe5 Nd7 12. Bxe7 Qxe7 13. f4 Bb7 14. Nf3 Rad8
15. Qe2 f5 16. exf6 Qxf6 17. Bb5 Rf7 18. Rad1 Rdf8 19. Bxd7 Rxd7 20. Ne5 Rd6
21. Rd2 Rfd8 22. h3 Qf5 23. Qf3 Ba8 24. Qg3 d4 25. exd4 cxd4 26. cxd4 Kh7 27.
Qe3 Rc8 28. Kh2 Bb7 29. Rff2 Rcd8 30. g4 Qf8 31. g5 g6 32. gxh6 Qf5 33. Rc2 Rc8
34. Rxc8 Bxc8 35. Qc3 Bd7 36. Qc7 Rxd4 37. Nxd7 Kxh6 38. Ne5 g5 39. fxg5+ 1-0